Chemistry (Record no. 64482)

MARC details
000 -LÍDER
campo de controle de tamanho fixo 00307 a2200157 4500
001 - NÚMERO DE CONTROLE
campo de controle 64482
020 ## - ISBN - INTERNATIONAL STANDARD BOOK NUMBER
ISBN - International Standard Book Number 0137377762
040 ## - FONTE DA CATALOGAÇÃO
Instituição que transcreveu o registro Anchieta - Pituba
100 ## - ENTRADA PRINCIPAL--NOME PESSOAL
Nome pessoal McMurry, John
240 10 - TÍTULO UNIFORME
Título uniforme Chemistry
Idioma da obra eng
245 10 - TÍTULO
Título Chemistry
300 ## - DESCRIÇÃO FÍSICA
Extensão 1025
362 0# - DATAS DE PUBLICAÇÃO E/OU DESIGNAÇÃO SEQUENCIAL
Datas de publicação e/ou designação sequencial 1998
650 #4 - ASSUNTO--TERMO TÓPICO
Cabeçalho tópico ou nome geográfico Química
942 ## - ELEMENTOS DE ENTRADA ADICIONADOS (KOHA)
Tipo de material Koha Livros
Holdings
Situação do descarte Situação das perdas Situação física Não pode ser emprestado Biblioteca de origem Biblioteca atual Data de aquisição Total de empréstimos Número de chamada completo Código de barras Data de último acesso Data do último empréstimo Data do preço efetivo Tipo de material Koha
        Colégio Anchieta - Pituba Inspira 21/11/2023 1 540 M478c MCM CHE 18772/PIT 21/11/2023 21/11/2023 21/11/2023 Livros